Curso de direito internacional público / (Record no. 992)

MARC details
000 -LÍDER
Campo Fixo de Controle 00819nam a2200265 a 4500
001 - NÚMERO DE CONTROLE
Campo de Controle 992
003 - IDENTIFICAÇÃO DO NÚMERO DE CONTROLE
Campo de Controle BR-CuiBMT
005 - DATA E HORA DA ÚLTIMA ATUALIZAÇÃO
Campo de Controle 20231124213651.0
008 - DADOS FIXOS
Dados Fixos 231124s2010 spb 000 0 por d
020 ## - INTERNATIONAL STANDARD BOOK NUMBER
Nº do ISBN 9788520335796
040 ## - AGÊNCIA CATALOGADORA
Código da Agência Catalogadora BR-CuiBMT
Agência que transcreveu o registro BR-CuiBMT
080 ## - Nº DA CLASSIFICAÇÃO DECIMAL UNIVERSAL
Nº edição CDU 2007
Nº Class. CDU 341.1/.8
090 ## - NÚMERO DE CHAMADA
Nº classificação 341.1/.8
Cutter M478c
Ano/Edição 4. ed.
100 1# - ENTRADA PRINCIPAL -- AUTOR PESSOAL
Nome pessoal Mazzuoli, Valério de Oliveira,
Datas associadas ao nome 1977-
245 ## - TÍTULO PRINCIPAL
Título principal Curso de direito internacional público /
Indicação de responsabilidade Valério de Oliveira Mazzuoli.
250 ## - EDIÇÃO
Edição 4. ed. rev., atual. e ampl.
260 ## - PUBLICAÇÃO, DISTRIBUIÇÃO, ETC.
Local de publicação São Paulo :
Editora Revista dos Tribunais,
Data 2010.
300 ## - DESCRIÇÃO FÍSICA
N. páginas ou volumes 990 p.:
Dimensões 24 cm
504 ## - NOTA DE BIBLIOGRAFIA, ETC.
Nota de bibliografia Inclui bibliografia.
650 ## - ASSUNTO TÓPICO
Cabeçalho tópico ou nome geográfico Direito internacional público
650 ## - ASSUNTO TÓPICO
Cabeçalho tópico ou nome geográfico Conflito Internacional
650 ## - ASSUNTO TÓPICO
Cabeçalho tópico ou nome geográfico Direito dos Tratados
650 ## - ASSUNTO TÓPICO
Cabeçalho tópico ou nome geográfico Organização Internacional
942 ## - ELEMENTOS DE ENTRADA ADICIONAIS (KOHA)
Fonte de classificação ou esquema de arquivamento Classificação Decimal Universal
Tipo de item do Koha Livros
Holdings
Estado: removido Estado: perdido Fonte de classificação ou esquema de arquivamento Estado: danificado Indisponível para empréstimo Localização permanente Localização atual Data de aquisição Total Checkouts Número de Chamada completo Código de barras Date last seen Número do exemplar Preço efetivo a partir de Tipo de item (Koha)
    Classificação Decimal Universal     Biblioteca da Escola Superior de Contas do TCE/MT Biblioteca da Escola Superior de Contas do TCE/MT 24/11/2023   341.1/.8 M478c BIBTCEMT23111077 24/11/2023 Ex. 1 24/11/2023 Livros

Powered by Koha